logo

Bir Sreshtho Munshi Abdur Rouf Library
Jhenaidah Cadet College

Selected poems of Jasim Uddin / (Record no. 6688)

MARC details
000 -LEADER
fixed length control field 01043nam a2200301 a 4500
001 - CONTROL NUMBER
JCCL Control Number 6688
003 - CONTROL NUMBER IDENTIFIER
JCCL marc code BD-JhCC
005 - DATE AND TIME OF LATEST TRANSACTION
control field 20180918082529.0
008 - FIXED-LENGTH DATA ELEMENTS--GENERAL INFORMATION
fixed length control field 761026s1975 bg b 000 0 eng d
020 ## - INTERNATIONAL STANDARD BOOK NUMBER
Terms of availability Rs30.00 ($3.00 U.S.)
035 ## - SYSTEM CONTROL NUMBER
system control number (BD-JhCC)6688
040 ## - CATALOGING SOURCE
Original cataloging agency BD-JhCC
Transcribing agency DLC
Modifying agency BD-JhCC
041 1# - LANGUAGE CODE
Language code of Book engben
050 00 - LIBRARY OF CONGRESS CALL NUMBER
Classification number PK1718.J3
Item number A25
082 00 - DEWEY DECIMAL CLASSIFICATION NUMBER
Classification number 891/.44/16
Author mark and Year MOU 1975
100 0# - MAIN ENTRY--PERSONAL NAME
Personal name Jasīmauddīna,
Dates associated with a name 1904-1976.
245 10 - TITLE STATEMENT
Title Selected poems of Jasim Uddin /
Statement of responsibility, etc [translated by] Hasna Jasimuddin Moudud.
260 ## - PUBLICATION, DISTRIBUTION, ETC. (IMPRINT)
Place of publication, distribution, etc Dacca :
Name of publisher, distributor, etc Moudud : distributed by Oxford University Press, Bangladesh,
Date of publication, distribution, etc 1975.
300 ## - PHYSICAL DESCRIPTION
Pagination 54 p. :
Other physical details ill. ;
Dimensions 22 cm.
500 ## - GENERAL NOTE
General note Originally presented as the editor's thesis (M.A.), University of Dayton, Ohio.
504 ## - BIBLIOGRAPHY, ETC. NOTE
Bibliography, etc "Published books of Jasim Uddin": p. 53-54.
504 ## - BIBLIOGRAPHY, ETC. NOTE
Bibliography, etc Includes bibliographical references.
600 00 - SUBJECT ADDED ENTRY--PERSONAL NAME
Personal name Jasīmauddīna,
Dates associated with a name 1904-1976
General subdivision Translations into English.
650 ## - SUBJECT ADDED ENTRY--TOPICAL TERM
Topical term or geographic name as entry element Beengali Poetry
700 1# - ADDED ENTRY--PERSONAL NAME
Personal name Moudud, Hasna Jasimuddin,
Dates associated with a name 1946-
942 ## - ADDED ENTRY ELEMENTS (KOHA)
Source of classification or shelving scheme Dewey Decimal Classification
Koha item type Books
Holdings
Source of classification or shelving scheme Damaged status Not for loan Home library Current library Shelving location Total Checkouts Full call number Barcode Date last seen Copy number Koha item type
Dewey Decimal Classification     JCC Rouf Library JCC Rouf Library General Stacks   891/.44/16 MOU 1975 9094 01/28/2018 C - 1 Books

JCC Library | Contacts | JCC Home

Last Update on 23 September 2017
Copyright @ 2017-2020 JCC Rouf Library
Rouf Library, Jhenidah Cadet College (JCC), Bangladesh